| 000 | 00402nam a2200157Ia 4500 | ||
|---|---|---|---|
| 005 | 20240605022006.0 | ||
| 008 | 240331s9999 xx 000 0 und d | ||
| 082 |
_bBAL _a342.02 |
||
| 100 | _aBala, S.S. | ||
| 245 | 0 |
_aPeace constitution for Sri Lanka _cS.S. Bala |
|
| 260 |
_aColombo _bSwastika ( Private) Limited _c1994 |
||
| 300 | _a30 , p ., | ||
| 650 | _a Social | ||
| 650 | _aPolitics | ||
| 942 | _cL | ||
| 999 |
_c2824 _d2824 |
||